| 000 | 00000nam##2200000za#4500 |
| 001 | 9.575893 |
| 003 | CaOODSP |
| 005 | 20210624184900 |
| 007 | cr ||||||||||| |
| 008 | 150406|2009||||xxc|||||o f|0| 0 eng|d |
| 040 | |aCaOODSP|beng |
| 043 | |an-cn--- |
| 086 | 1 |aTU3-6/09-33E-PDF |
| 110 | 2 |aTransportation Safety Board of Canada. |
| 245 | 10|aMain track train derailment - Canadian National Railway Mile 108.23, Allanwater Subdivision Robinson, Ontario, 13 February 2009 |h[electronic resource] |
| 260 | |aOttawa - Ontario : |bTransportation Safety Board of Canada |c[2009]. |
| 300 | |a12p.|bcoloured illus., figs., references |
| 490 | 1 |aRailway investigation report |vR09W0033 |
| 590 | |a13-09-Supp|b2013-04-04 |
| 775 | 08|tDéraillement en voie principale - Canadien National Point milliaire 108,23 de la subdivision Allanwater Robinson (Ontario) - le 13 février 2009 |w(CaOODSP)9.605281 |
| 830 | #0|aRailway investigation report ;|vR09W0033|w(CaOODSP)9.504849 |
| 856 | 40|ahttp://publications.gc.ca|qPDF|s294 KB|uhttps://publications.gc.ca/collections/collection_2013/bst-tsb/TU3-6-09-33-eng.pdf|yR09W0033 |